000 00575ngm a22002410a 4500
001 PT15526
003 AR-LpoUNG
005 20210202000157.0
007 vd cvaizq
008 191001s1976||||ag |||||||||||||||||spa d
037 _c$6.6
040 _aAR-LpoUNG
_bspa
_cAR-LpoUNG
_eaacr
041 _aspa
044 _aag
082 0 _a813 52kin
100 1 _aGuillermin, John
_edir.
245 1 0 _aKing Kong
260 _aBuenos Aires :
_bVideoteca Página 30,
_c[1976].
300 _aVHS (90 min.) : son, col.
653 _aVIDEOS
905 _a15526
942 _cVIDEO
999 _c54257
_d54257